1577 1485 1730 1230 1997 1763 1666 1074 1060 1076 1640 1902 1359 1118 1521 1173 1431 1545 1875 1538 1065 1628 1611 1948 1594 1643 1719 1525 1231 1674 1071 1851 1507 1664 1170 1253 1501 1967 1584 1784 1939 1411 1973 1736 1578 1956 1258 1152 1201 1146 1017 1607 1281 1632 1488 1043 1843 1084 1390 1017 1231 1618 1779 1254 1587 1352 1801 1123 1533 1948 1170 1449 1445 1828 1354 1803 1819 1073 1191 1578 1728 1383 1889 1610 1262 1443 1549 1446 1425 1829 1120 1364 1052 1537 1766 1023 1043 1021 1914 BCNSPRNW ULIB Ver.6.0+V

เปลี่ยนเป็นภาษาไทย

Change to English
 แสดงรายละเอียดบรรณานุกรม
  กลับหน้าหลัก

Brief Record : Get Marc (ISO 2709) : E-mail record : QR code < ปิดหน้าต่าง
LEADER : 00000nam 2200000uu 4500
001    13399126195
003     ULIB
008    180716s2015||||th 000 0 tha d
020    ^a9780521693080
050 00 ^aPE1128^bC172^cV.6
245 10 ^aCambridge practice tests for IELTS 6
260    ^aCambridge :^bCambridge University Press,^c2015
300    ^a176 p.:^bill. ;^c25 cm.
650 00 ^aInternational English Language Testing System.
650 00 ^aEnglish language^xExaminations, questions, etc.
650 00 ^aEnglish language^xTextbooks for foreign speakers
945    ^p0^l0^i26413
999    ^aกัณชพร จุลอักษร
รายการนี้ยังไม่มีแท็ก
คุณยังไม่ได้ล็อกอิน คุณสามารถมีกิจกรรมร่วมกับเว็บไซต์ได้ แต่ต้องล็อกอินก่อน ::
  ล็อกอิน

รายการสื่อสารสนเทศ

ลำดับที่ ประเภท เลขเรียก/บาร์โค้ด สถานที่ สถานะ
1. วิทยาศาสตร์การแพทย์ และสุขภาพ
วิทยาศาสตร์การแพทย์ และสุขภาพ
PE1128 C172 V.6 ฉ.1 
  Barcode: 26413
ห้องสมุดวิทยาเขตนครสวรรค์
►หนังสือทั่วไป:l:General Books
บนชั้น

รายการใกล้เคียง
    ชื่อเรื่อง [Cambridge practice tests for IELTS 6]

    หัวเรื่อง [International English Language Testing System.]

BibComment


ยังไม่เคยถูกคอมเมนท์

คอมเมนท์ทรัพยากรรายการนี้
  คอมเมนท์: Cambridge practi..


 Copyright 2026. Bcnsprnw @Library